Statistics for Battles By Countries

Click here to take the quiz!

General Stats

  • This quiz has been taken 33 times
  • The average score is 14 of 17

Answer Stats

YearConflictCountry Location% Correct
1944D-DayFrance
100%
1429Siege of OrleansFrance
100%
1942Siege of StalingradSoviet Union
100%
1945Battle of OkinawaJapan
94%
1990–91Gulf WarIraq
91%
1900Battle of PekingChina
88%
1924Battle of MeccaSaudi Arabia
88%
490 BCEBattle of MarathonGreece
85%
1941Siege of OdessaUkraine
85%
1066Battle of HastingsEngland
82%
1944Battle of the BulgeBelgium
79%
1991Siege of DubrovnikCroatia
79%
1969Battle of Hamburger HillVietnam
79%
1533Battle of CuzcoPeru
76%
2011Battle of Sana'aYemen
76%
1950Battle of IncheonKorea
67%
1042Battle of the Coral SeaAustralia
64%

Score Distribution

Percentile by Number Answered

Percent of People with Each Score

Your Score History

You have not taken this quiz